| 000 | 00882cad a22001935a 4500 | ||
|---|---|---|---|
| 001 | L158430 | ||
| 008 | 140130s2014 xxkdo f 000 0 eng d | ||
| 035 | _a(Sirsi) u158430 | ||
| 041 | 0 | _aeng | |
| 110 | 2 |
_aProperty Industry Alliance _95725 |
|
| 245 | 0 | 0 |
_aProperty data report 2014 _h[electronic resource] |
| 260 |
_a[S.l.] _bPIA _c2014 |
||
| 520 | _aSets out key facts relating to the UK commercial property market in 2013 including the value of the market, the relative size of the various sectors (retail, industrial and office), the average length of leases, rental levels, types of ownership and reinstatement. | ||
| 590 | _aKA | ||
| 651 | 4 | _aUnited Kingdom | |
| 690 |
_aCommercial property _96227 |
||
| 856 | 4 | 0 |
_uhttps://www.bpf.org.uk/sites/default/files/resources/PIA-Property-Data-Report-2014-are_0.pdf _zView the research free of charge at www.bpf.org.uk |
| 942 | _n0 | ||
| 999 |
_c115301 _d115301 |
||